[Event "xadrez 01"]
[Site "http://www.queenalice.com/game.php?id=1512367"]
[Date "2018.1.18"]
[Round "-"]
[White "Wecker"]
[Black "clicador"]
[Result "0-1"]
[WhiteElo "1574"]
[BlackElo "1512"]

1. e4 e5 2. Nc3 Nc6 3. f4 exf4 4. d4 Bb4 5. Bxf4 Nf6 6. e5 Ne4 7. Ne2 d5 8. exd6
cxd6 9. Qd3 Qh4+ 10. g3 Qe7 11. O-O-O Nf2 12. Nd5 Nxd3+ 0-1

[Event "DESAFIO 02"]
[Site "http://www.queenalice.com/game.php?id=1515356"]
[Date "2018.2.10"]
[Round "-"]
[White "renocharlier"]
[Black "clicador"]
[Result "0-1"]
[WhiteElo "1451"]
[BlackElo "1498"]

1. a4 e5 2. e4 Nf6 3. f3 Nc6 4. c3 Bc5 5. b4 Bd6 6. Qb3 Nh5 7. Qd5 O-O 8. g3 Nf6
9. Qb5 Be7 10. Bh3 d5 11. Qf1 dxe4 12. Ra3 exf3 13. Nxf3 Qd5 14. c4 Qe4+ 15. Kd1
Bxh3 16. d3 Rfd8 17. Ng5 Bg4+ 18. Kc2 Nxb4+ 19. Kb3 Qc6 20. h3 Rxd3+ 21. Kb2
Rxa3 22. Rh2 Nd3+ 23. Kc2 Qxc4+ 24. Kd2 Qa2+ 25. Ke3 Nc5+ 26. Bxa3 Qxh2 27. Qf2
Nd5+ 28. Kd2 Qxf2+ 29. Kc1 Nb3# 0-1

[Event "AUTO-OPEN-3916"]
[Site "http://www.queenalice.com/game.php?id=1521229"]
[Date "2018.3.26"]
[Round "1"]
[White "clicador"]
[Black "Alex_ac"]
[Result "0-1"]
[WhiteElo "1600"]
[BlackElo "1764"]

1. e4 e5 2. Bc4 c6 3. d4 d6 4. d5 h6 5. dxc6 bxc6 6. Nf3 Nf6 7. Nc3 Na6 8. Qe2
Be7 9. Be3 O-O 10. Nh4 Ng4 11. O-O-O Nb4 12. h3 Nxe3 13. Qxe3 Bxh4 14. g3 Bg5
15. f4 exf4 16. gxf4 Bh4 17. e5 d5 18. Bd3 d4 19. Qe4 g6 20. Rhg1 Bf5 21. Qg2
Bxd3 22. cxd3 dxc3 23. bxc3 Nxd3+ 24. Kc2 Qd5 25. Rxd3 Qxg2+ 26. Rxg2 a5 27. Rf3
Be7 28. f5 Bc5 29. fxg6 fxg6 30. Rxg6+ Kh7 31. Rfg3 Rg8 32. R6g4 Rg5 33. h4 Rxg4
34. Rxg4 Re8 35. Re4 Kg6 36. e6 Kf5 37. Rc4 Be7 38. Rxc6 Ke5 39. Kb3 Bxh4 40.
Ka4 Kd5 41. Ra6 Bd8 42. Ra8 Kxe6 43. a3 h5 44. Ra6+ Kd5 45. Rh6 Re4+ 46. Kb5 Re5
47. Rh8 Ke4+ 48. Ka4 Bh4 49. Rc8 Kd3 50. c4 Be1 51. c5 h4 52. Rd8+ Kc4 53. c6
Rc5 54. Rd1 Bc3 55. Rd6 h3 56. Rh6 Kd5 57. Kb3 Kd4 58. Ka4 Rc4+ 59. Kb3 a4+ 60.
Kc2 Kc5 61. Rxh3 Bg7+ 0-1

[Event "AUTO-OPEN-3916"]
[Site "http://www.queenalice.com/game.php?id=1521230"]
[Date "2018.3.26"]
[Round "1"]
[White "Alex_ac"]
[Black "clicador"]
[Result "1-0"]
[WhiteElo "1840"]
[BlackElo "1587"]

1. c4 e5 2. a3 Bc5 3. e3 Nc6 4. Nc3 Nf6 5. b4 Bd6 6. c5 Be7 7. Bc4 d6 8. d4 exd4
9. exd4 O-O 10. h3 a5 11. Nf3 axb4 12. Nb5 dxc5 13. Bb2 Re8 14. O-O Be6 15. Bxe6
fxe6 16. Qe1 Bf8 17. axb4 Rxa1 18. Bxa1 cxb4 19. Qd2 Ne4 20. Qc2 Ng5 21. Nxg5
Qxg5 22. Nxc7 Re7 23. d5 Rxc7 24. dxc6 Rxc6 25. Qb2 Rc3 26. Qe2 Rxh3 27. Qxe6+
Kh8 28. Qxh3 h6 29. g3 Bc5 30. Qc8+ Kh7 31. Qxb7 Bf8 32. Qe4+ Kh8 33. Qe8 b3 34.
Qxf8+ Kh7 35. Qxg7+ Qxg7 36. Bxg7 Kxg7 37. Rb1 Kg6 38. Rxb3 Kg5 39. Kg2 Kg4 40.
f3+ Kg5 41. Kh3 Kf5 42. Rb4 h5 43. Kh4 Kg6 44. Rb6+ Kf5 45. Kxh5 Ke5 46. Rb8 Kf5
47. Rf8+ Ke5 48. g4 1-0

[Event "AUTO-OPEN-3916"]
[Site "http://www.queenalice.com/game.php?id=1521231"]
[Date "2018.3.26"]
[Round "1"]
[White "clicador"]
[Black "Shizumaru_Hisame"]
[Result "0-1"]
[WhiteElo "1525"]
[BlackElo "1856"]

1. e4 e5 2. Nf3 Nc6 3. d4 exd4 4. Nxd4 Ne5 5. Bd3 Bc5 6. Nb3 Bb6 7. Bf4 d6 8.
Nc3 Ng4 9. Bg3 h5 10. f3 h4 11. fxg4 hxg3 12. Qf3 gxh2 13. Bc4 Qe7 14. Nd5 Qe5
15. O-O-O Be6 16. Ne3 O-O-O 17. Bxe6+ Qxe6 18. Nd4 Qxa2 19. Nb3 Qa4 20. Qxf7
Bxe3+ 21. Kb1 g5 22. Qg7 Rh4 23. Qxg5 Bxg5 24. Rd5 Be3 25. g5 Qxe4 26. Rdd1 Qxg2
27. c3 Bg1 0-1

[Event "AUTO-OPEN-3916"]
[Site "http://www.queenalice.com/game.php?id=1521232"]
[Date "2018.3.26"]
[Round "1"]
[White "Shizumaru_Hisame"]
[Black "clicador"]
[Result "1-0"]
[WhiteElo "1853"]
[BlackElo "1528"]

1. e4 e5 2. Nf3 Bc5 3. Nxe5 d6 4. Nf3 Qf6 5. Be2 Nh6 6. d4 Bb4+ 7. c3 Ba5 8. b4
Bb6 9. Bg5 Qg6 10. Nbd2 O-O 11. O-O f6 12. Be3 f5 13. exf5 Bxf5 14. a4 Bh3 15.
Nh4 Qf6 16. Ndf3 Nf5 17. Bg5 Qf7 18. gxh3 Nxh4 19. Nxh4 c6 20. Be3 Qg6+ 21. Nxg6
hxg6 22. Kh1 Nd7 23. Rg1 Bd8 24. Rxg6 Bc7 25. Bh6 Rf7 26. Qg1 Kh7 27. Rxg7+ Kxh6
28. Qg6# 1-0

[Event "AUTO-OPEN-3916"]
[Site "http://www.queenalice.com/game.php?id=1521233"]
[Date "2018.3.26"]
[Round "1"]
[White "clicador"]
[Black "vasyl_puzanov"]
[Result "1-0"]
[WhiteElo "1583"]
[BlackElo "1402"]

1. e4 e5 2. Nf3 Nc6 3. Bc4 Nf6 4. d3 Bc5 5. Ng5 O-O 6. Be3 Bxe3 7. fxe3 h6 8.
Nf3 d6 9. Nc3 Bg4 10. h3 Be6 11. Bxe6 fxe6 12. d4 exd4 13. exd4 1-0

[Event "AUTO-OPEN-3916"]
[Site "http://www.queenalice.com/game.php?id=1521234"]
[Date "2018.3.26"]
[Round "1"]
[White "vasyl_puzanov"]
[Black "clicador"]
[Result "0-1"]
[WhiteElo "1393"]
[BlackElo "1592"]

1. e4 e5 2. f4 Nc6 3. Nf3 Bc5 4. Bc4 exf4 5. d4 Bb4+ 6. c3 Ba5 7. Bxf4 Nf6 8.
Nbd2 O-O 9. O-O d6 10. Bg5 h6 11. Bh4 Bg4 12. h3 Be6 13. d5 Bb6+ 0-1

[Event "revanche "]
[Site "http://www.queenalice.com/game.php?id=1525288"]
[Date "2018.4.28"]
[Round "-"]
[White "roqqk"]
[Black "clicador"]
[Result "0-1"]
[WhiteElo "1731"]
[BlackElo "1522"]

1. e4 e5 2. Nf3 Nc6 3. a3 Nf6 4. d3 Bc5 5. Bg5 h6 6. Bxf6 Qxf6 7. h4 d6 8. Nc3
Bg4 9. Nd5 Qd8 10. Qd2 Nd4 11. Nxd4 Bxd4 12. f3 Be6 13. f4 Bxb2 14. Rb1 Bxa3 15.
Rxb7 Bxd5 16. exd5 Rb8 17. Rxa7 Rb1+ 18. Kf2 Bc5+ 19. Kf3 Bxa7 20. d4 Bxd4 21.
Qa5 exf4 22. Bb5+ Rxb5 23. Qxb5+ Qd7 24. Qb8+ Qd8 25. Rb1 O-O 26. Qxd8 Rxd8 27.
Ke4 Bf2 28. h5 Re8+ 29. Kf3 Be3 30. Rb7 Re5 31. g4 fxg3 32. Kxg3 Rxh5 33. Rxc7
Rxd5 34. Kf3 Re5 35. c4 Bc1 36. Rd7 Ba3 37. Kf4 Rc5 38. Ke3 Rf5 39. Ke4 g6 40.
Kd4 Rf4+ 41. Kd5 g5 42. Ra7 Bc5 43. Ra8+ Kg7 44. Ra1 g4 45. Rh1 g3 46. Rh3 g2
47. Rg3+ Kf6 48. Rxg2 h5 49. Rg8 h4 50. Rh8 Kg7 51. Rh5 f6 52. Ke6 Kg6 53. Rd5
Rxc4 54. Kd7 h3 55. Rd2 Rg4 56. Re2 Rg2 57. Re8 Kg7 58. Re1 h2 59. Re7+ Kg6 0-1

[Event "Let's Play Chess!"]
[Site "http://www.queenalice.com/game.php?id=1579203"]
[Date "2019.8.3"]
[Round "-"]
[White "clicador"]
[Black "igorjava"]
[Result "0-1"]
[WhiteElo "1458"]
[BlackElo "1989"]

1. e4 c5 2. Bc4 e6 3. Nf3 a6 4. d3 Nc6 5. O-O b5 6. Bb3 Na5 7. c3 Nxb3 8. Qxb3
Nf6 9. Bg5 Be7 10. c4 b4 11. Nbd2 d6 12. d4 a5 0-1

[Event "AUTO-INT-3469"]
[Site "http://www.queenalice.com/game.php?id=1586127"]
[Date "2019.10.8"]
[Round "1"]
[White "clicador"]
[Black "CERVERO"]
[Result "0-1"]
[WhiteElo "1563"]
[BlackElo "1707"]

1. e4 c5 2. Bc4 d6 3. Nf3 Nf6 4. Ng5 e6 5. d3 h6 6. Nf3 Nc6 7. Nc3 Be7 8. Bb5 a6
9. Bxc6+ bxc6 10. Bd2 Rb8 11. b3 Qc7 12. Bf4 e5 13. Be3 Bg4 0-1

[Event "AUTO-INT-3469"]
[Site "http://www.queenalice.com/game.php?id=1586128"]
[Date "2019.10.8"]
[Round "1"]
[White "CERVERO"]
[Black "clicador"]
[Result "1-0"]
[WhiteElo "1684"]
[BlackElo "1575"]

1. d4 e6 2. e4 Nc6 3. Nf3 Bb4+ 4. c3 Ba5 5. Bd3 Nf6 6. O-O O-O 7. Bg5 h6 8. Bh4
b5 9. e5 Ba6 10. exf6 gxf6 11. Qd2 b4 12. Bxa6 Ne7 13. cxb4 1-0